Catalog

Record Details

Catalog Search



Sonic's ultimate Genesis collection : PS3

Summary:

Relive the glory of your SEGA Genesis days with over 40 classic titles from Sonic the Hedgehog to Streets of Rage.

Record details

  • Physical Description: 1 DVD-ROM : sound, color ; 4 3/4 in. + 1 book
  • Edition: PlayStation 3 (PS3).
  • Publisher: San Francisco, CA : Sega of America, Inc., ©2008.

Content descriptions

General Note:
Title from label.
Number of players: 1-2.
"Blu-ray disc."
"Sony Computer Entertainment"--Container.
"PlayStation network"--Container.
Contains over 40 games.
Target Audience Note:
ESRB rating: Everyone 10+. Animated blood, violence.
System Details Note:
Required hard disk space: at least 3 MB.
Subject: Sega Genesis video games > Juvenile software.
Video games > Juvenile software.
Genre: Computer Games
Video Games
Realia
PS3

Available copies

  • 1 of 1 copy available at scottsboropl.

Holds

  • 0 current holds with 1 total copy.
Show Only Available Copies
Location Call Number / Copy Notes Barcode Shelving Location Status Due Date
scottsboropl REA Son 32269001208050 Juvenile - Video Game Available -

LDR 01962cgm a2200493Ma 4500
001160348
003SBPL
00520230323141822.0
008081125s2008 cau--- j vleng d
0241 . ‡a010086690279
02840. ‡aBLUS-20259
02840. ‡aBLUS 30259F
035 . ‡a(OCoLC)607418056
08204. ‡a794.8 SON
24500. ‡aSonic's ultimate Genesis collection ‡h : ‡bPS3
24630. ‡aUltimate Genesis collection
250 . ‡aPlayStation 3 (PS3).
260 . ‡aSan Francisco, CA : ‡bSega of America, Inc., ‡c©2008.
300 . ‡a1 DVD-ROM : ‡bsound, color ; ‡c4 3/4 in. + ‡e1 book
336 . ‡atwo-dimensional moving image ‡btdi ‡2rdacontent
337 . ‡avideo ‡bv ‡2rdamedia
500 . ‡aTitle from label.
500 . ‡aNumber of players: 1-2.
500 . ‡a"Blu-ray disc."
500 . ‡a"Sony Computer Entertainment"--Container.
500 . ‡a"PlayStation network"--Container.
500 . ‡aContains over 40 games.
520 . ‡aRelive the glory of your SEGA Genesis days with over 40 classic titles from Sonic the Hedgehog to Streets of Rage.
5218 . ‡aESRB rating: Everyone 10+. Animated blood, violence.
538 . ‡aRequired hard disk space: at least 3 MB.
650 0. ‡aSega Genesis video games ‡vJuvenile software.
650 0. ‡aVideo games ‡vJuvenile software.
655 7. ‡aComputer Games
655 7. ‡aVideo Games
6550 . ‡aRealia
6550 . ‡aPS3
7102 . ‡aBackbone Entertainment (Firm)
7102 . ‡aSega of America (Firm)
7102 . ‡aSony Computer Entertainment.
901 . ‡a160348 ‡bAUTOGEN ‡c160348 ‡tbiblio

Additional Resources